Países que contienen la letra K - Estadísticas

Estadísticas generales
  • Esta prueba ha sido intentada 41 veces
  • La puntuación promedio es 10 de 13
Estadísticas de respuestas
País % Correcto
Kazajistán
97%
Kenia
94%
Kirguistán
91%
Uzbekistán
91%
Kuwait
88%
Turkmenistán
88%
Pakistan
85%
Tayikistán
85%
Kosovo
76%
Kiribati
73%
Irak
67%
Sri Lanka
55%
Burkina Faso
39%
No se encontraron pruebas coincidentes
Distribución de puntuación
Porcentaje de gente con cada puntuación
Porcentaje por número respondido
Historial de tus puntuaciones
No has intentado esta prueba.